5HLuxD.jpg

KING HENRY VIII SENIOR AND PRIMARY SCHOOL LIBRARY OPAC

Keep Dancing Lizzie Chu (Record no. 6016)

000 -LEADER
fixed length control field 00735nam a22001937a 4500
005 - DATE AND TIME OF LATEST TRANSACTION
control field 20260127083441.0
008 - FIXED-LENGTH DATA ELEMENTS--GENERAL INFORMATION
fixed length control field 260127b ||||| |||| 00| 0 eng d
020 ## - INTERNATIONAL STANDARD BOOK NUMBER
International Standard Book Number 9781800781610
040 ## - CATALOGING SOURCE
Transcribing agency KH8
082 ## - DEWEY DECIMAL CLASSIFICATION NUMBER
Classification number 823.92 CHA
100 ## - MAIN ENTRY--PERSONAL NAME
Personal name CHAN,MAISIE
Relator term AUTHOR
245 ## - TITLE STATEMENT
Title Keep Dancing Lizzie Chu
260 ## - PUBLICATION, DISTRIBUTION, ETC.
Place of publication, distribution, etc. 4th Floor,Victoria House,Bloomsbury Square,London WC1B 4DA
Name of publisher, distributor, etc. PICCADILLY PRESS
Date of publication, distribution, etc. 2022
300 ## - PHYSICAL DESCRIPTION
Extent 214 Pages
Other physical details Colour illustration
Dimensions 13cm x 19 cm
520 ## - SUMMARY, ETC.
Summary, etc. Twelve-year-old Lizzie Chu has lived with her Wai Gong (grandfather) in Glasgow since her parents died when she was a baby. But Wai Gong has been acting different lately.-Library Thing-
650 ## - SUBJECT ADDED ENTRY--TOPICAL TERM
Topical term or geographic name entry element Juvenile Fiction
655 ## - INDEX TERM--GENRE/FORM
Genre/form data or focus term Literature
942 ## - ADDED ENTRY ELEMENTS (KOHA)
Source of classification or shelving scheme
Koha item type Books - Fiction
Holdings
Withdrawn status Lost status Source of classification or shelving scheme Damaged status Not for loan Collection code Permanent Location Current Location Shelving location Date acquired Full call number Barcode Date last seen Price effective from Koha item type Public note
          Fiction KH8 Primary School Library KH8 Primary School Library Fiction 2026-01-27 823.92 CHA KHPL000008244 2026-01-27 2026-01-27 Books - Fiction PRIMARY LIBRARY

Powered By KH8 IT Dept